| 000 | 00818nam a2200193 i 4500 | ||
|---|---|---|---|
| 001 | 157212 | ||
| 003 | ES-MaACL | ||
| 005 | 20250719062541.0 | ||
| 008 | 040811s1869 sp |||| | spa d | ||
| 100 | 1 |
_aLastres y Juiz, Francisco, _d1848-1918 _970504 |
|
| 245 | 1 | 0 | _aDiscurso leído ante el claustro de la Universidad Central por Francisco Lastres y Juiz en el acto de recibir la investidura de doctor en la Facultad de Derecho. |
| 260 |
_aMadrid : _b[s.n.], _c1869 ( _fEst. tip. de E. Vicente) |
||
| 300 |
_a29 p. ; _c26 cm. |
||
| 594 | _aTít. del discurso en antep.: Libertad de testar: legítimas. | ||
| 650 | 0 | 4 |
_aLegítima- _zEspaña. _914075 |
| 650 | 0 | 4 |
_aLibertad de testar. _9165780 |
| 852 |
_aES-MaACL _jT-204-F-23 _z- Enc. hol. _z. - Dedicatoria autógrafa del autor |
||
| 999 |
_c157212 _d157212 |
||